000 00289nam a22001217a 4500
040 _c0
082 _a891.439301,JAV
245 _aZero Point (Vol.2) /
_cJavid Chaudhary
260 _aLahore
_bAlim o Irfan Publisher
_c2009
300 _a311 p
650 _aNoval
_9107828
942 _2ddc
_cBK
999 _c614651
_d614651